| 000 -LEADER |
| fixed length control field |
00741pab a2200157 454500 |
| 008 - FIXED-LENGTH DATA ELEMENTS--GENERAL INFORMATION |
| fixed length control field |
180718b2007 xxu||||| |||| 00| 0 eng d |
| 100 ## - MAIN ENTRY--PERSONAL NAME |
| Personal name |
Vir, Dharam |
| 245 ## - TITLE STATEMENT |
| Title |
Legislature's supremacy and execuive's excess |
| 260 ## - PUBLICATION, DISTRIBUTION, ETC. |
| Date of publication, distribution, etc. |
2007 |
| 300 ## - PHYSICAL DESCRIPTION |
| Extent |
p.561-63. |
| 362 ## - DATES OF PUBLICATION AND/OR SEQUENTIAL DESIGNATION |
| Dates of publication and/or sequential designation |
17 Feb |
| 520 ## - SUMMARY, ETC. |
| Summary, etc. |
When state governments spend ore than what is authorised by the legislature, the Constitution mandates that they approach the latter to regularise the excess expenditure. However, many states repeatedly fail to do so, thus eroding the legislature's authority, weakening the executive's accountability and sometimes even letting scams go undetected. - Reproduced. |
| 650 ## - SUBJECT ADDED ENTRY--TOPICAL TERM |
| Topical term or geographic name entry element |
Parliament |
| 773 ## - HOST ITEM ENTRY |
| Main entry heading |
Economic and Political Weekly |
| 909 ## - |
| -- |
73281 |